| 000 | 00516nam a2200193Ia 4500 | ||
|---|---|---|---|
| 005 | 20250508152249.0 | ||
| 008 | 008 250505s9999 xx 000 0 eng d | ||
| 037 | _aTextual | ||
| 040 |
_aFEDL _beng _cFEDL |
||
| 041 |
_aeng _2eng |
||
| 084 |
_a301.35, MUK _qFEDL |
||
| 100 | _aMukherjee Ramkrishna | ||
| 245 | 0 | _aDynamics of a rural society | |
| 260 |
_aBerlin _bAkademic-Verlag _c1957 |
||
| 300 | _ax,134p. | ||
| 650 | _aSociology | ||
| 942 |
_cTEXL _h301.35, MUK |
||
| 999 |
_c1335373 _d1335373 |
||